|
|
|
|
| LEADER |
00000nam a2200000 a 4500 |
| 001 |
vtls001441976 |
| 003 |
SK-MaSNL |
| 005 |
20260301103815.0 |
| 008 |
240315s2001 xo aap r yy slo |
| 015 |
|
|
|a SNBA2002/12-04031
|
| 020 |
|
|
|a 8088905516
|
| 035 |
|
|
|a SNK000397182
|
| 035 |
|
|
|a urn:nbn:sk:snk-amyb0l
|
| 035 |
|
|
|a urn:nbn:sk:snk-am00c87z
|
| 035 |
|
|
|a CA7B985D-A0CE-48FB-9C0A-649891FC04F7
|
| 040 |
|
|
|a SNK
|b slo
|c SNK
|e AACR2
|
| 041 |
0 |
|
|a slo
|
| 044 |
|
|
|a xo
|c SK
|
| 080 |
|
|
|a 625.7/.8
|2 1981
|
| 100 |
1 |
|
|a Gschwendt, Ivan,
|d 1934-
|4 aut
|9 111966
|
| 245 |
1 |
|
|a Vozovky
|b materiály a technológie
|c Ivan Gschwendt a kolektív
|
| 260 |
|
|
|a Bratislava
|b Jaga group
|c 2001
|
| 300 |
|
|
|a 207 s.
|b fotogr., grafy, sch., tab.
|c 31 cm
|
| 504 |
|
|
|a Bibliogr. s. 205-207
|
| 650 |
0 |
7 |
|a vozovky
|x materiály
|x technológie
|x monografi e
|2 SNK
|9 441576
|
| 655 |
|
7 |
|a príručky
|2 SNK
|9 74364
|
| 700 |
1 |
|
|a Staňo, Rudolf
|4 aut
|9 8701
|
| 700 |
1 |
|
|a Polakovič, Ľuboš
|4 aut
|9 441577
|
| 700 |
1 |
|
|a Loveček, Zdeněk
|4 aut
|9 6260
|
| 700 |
1 |
|
|a Sekera, Miroslav
|4 aut
|9 441578
|
| 919 |
|
|
|a 80-88905-51-6
|
| 958 |
|
|
|a TL
|
| 958 |
|
|
|a NB
|
| 999 |
|
|
|c 696342
|d 698272
|
| 952 |
|
|
|t P60, <03>, [BOOK], {603}
|a SNK
|b SNK
|y PREZ
|7 0
|p 17A0359233
|o snkSB 65684
|i snkKSP 12337/2002
|0 0
|1 0
|4 0
|d 2002-10-08
|f 1
|l 0
|r 2025-04-17 00:00:00
|w 2026-02-23
|
| 952 |
|
|
|t P60, <04>, [BOOK], {604}
|a SNK
|b SNK
|y VYP
|7 0
|p 17A0359234
|o snkSB 65684 D1
|i snkKSP 12338/2002
|0 0
|1 0
|4 0
|d 2002-10-08
|l 0
|r 2005-01-02 00:00:00
|w 2026-02-23
|